000 01334cam a2200325 a 4500
001 11967576
003 OSt
005 20151123094400.0
008 000407s2000 nyu 000 1 eng
010 _a 00030099
020 _a0684823438
040 _aDLC
_cDLC
_dDLC
050 0 0 _aPS3569.A46675
_bR6 2000
082 0 0 _a813/.6
_221
100 1 _aSamuel, Steve.
245 1 0 _aRock, paper, scissors :
_ba novel of political intrigue /
_cSteve Samuel.
260 _aNew York :
_bSimon & Schuster,
_cc2000.
300 _a314 p. ;
_c24 cm.
650 0 _aPolitical corruption
_vFiction.
650 0 _aWomen detectives
_vFiction.
650 0 _aSecret service
_vFiction.
650 0 _aConspiracies
_vFiction.
655 7 _aPolitical fiction.
_2lcsh
856 4 2 _3Contributor biographical information
_uhttp://www.loc.gov/catdir/bios/simon054/00030099.html
856 4 2 _3Publisher description
_uhttp://www.loc.gov/catdir/description/simon033/00030099.html
856 4 1 _3Sample text
_uhttp://www.loc.gov/catdir/enhancements/fy0645/00030099-s.html
906 _a7
_bcbc
_corignew
_d1
_eocip
_f20
_gy-gencatlg
942 _2lcc
_cBK
999 _c251452
_d251452